000 01108nam a2200265 i 4500
001 180135
003 ES-MaACL
005 20240508093103.0
008 120423s2010 sp acp |||| |dspa d
020 _a84-95850-30-3
080 _a75 Sánchez-Carralero López, José
080 _a821.134.2-14"19"
080 _a929 Sánchez-Carralero López, José
100 1 _aSánchez-Carralero López, José.
_9149858
245 1 3 _aEl paisaje prometido
_b: (sesenta y ocho poetas del mundo para un pintor de Castilla y León) /
_cJosé S. Carralero ; idea y edición de Alfredo Pérez Alencart ; Tundidor, Morejón, Tamura ... [et al.].
260 _aSalamanca :
_bSociedad de Estudios Literarios y Humanísticos,
_c[2010]
300 _a148 p. :
_bil. col. ;
_c24 cm.
600 1 7 _aSánchez-Carralero López, José.
_9149858
650 0 4 _aPoesía-
_yS.XX
_916200
700 1 _aPérez Alencart, Alfredo.
_990629
700 1 _aTundidor, Jesús Hilario,
_d1935-
_9111674
852 _aES-MaACL
_jA-12068
_9187045
_bR.146953
_cDEPO1
_dOlim: N-5073
942 _2udc
_cMONOGRAFIA
999 _c180135
_d180135